<?xml version="1.0" encoding="UTF-8"?>
<collection xmlns="http://www.loc.gov/MARC21/slim">
 <record>
  <leader>00711pamaa2200181   4500</leader>
  <controlfield tag="001">0000044276</controlfield>
  <controlfield tag="005">20130626090000.0</controlfield>
  <controlfield tag="008">080922                             eng  </controlfield>
  <datafield tag="020" ind1="0" ind2="0">
   <subfield code="a">Nil </subfield>
  </datafield>
  <datafield tag="090" ind1="0" ind2="0">
   <subfield code="a">BP109 </subfield>
   <subfield code="b">QUR 2007</subfield>
  </datafield>
  <datafield tag="245" ind1="1" ind2="4">
   <subfield code="a">The quran translated : </subfield>
   <subfield code="b">message for humanity; </subfield>
   <subfield code="f">based on the english translation of by Mohammed Marmaduke Pickthall  </subfield>
   <subfield code="c">revised by International Committee for the support of the Final Prophet..</subfield>
  </datafield>
  <datafield tag="250" ind1="0" ind2="0">
   <subfield code="a">2nd ed.</subfield>
  </datafield>
  <datafield tag="260" ind1="0" ind2="0">
   <subfield code="a">Washington, DC: </subfield>
   <subfield code="b">International Committee for the support of the Final Prophet, </subfield>
   <subfield code="c">2007.</subfield>
  </datafield>
  <datafield tag="300" ind1=" " ind2=" ">
   <subfield code="a">638p: </subfield>
   <subfield code="b">ill.; </subfield>
   <subfield code="c">17 cm.</subfield>
  </datafield>
  <datafield tag="501" ind1="0" ind2="0">
   <subfield code="a">Library</subfield>
  </datafield>
  <datafield tag="640" ind1="0" ind2="0">
   <subfield code="a">Qur'an</subfield>
  </datafield>
  <datafield tag="700" ind1="1" ind2="1">
   <subfield code="a">Pickthall, </subfield>
   <subfield code="h">Marmaduke William(</subfield>
   <subfield code="d">1875-1936) </subfield>
  </datafield>
  <datafield tag="901" ind1=" " ind2=" ">
   <subfield code="u">www.prophet-of-mercy.com</subfield>
  </datafield>
 </record>
</collection>
